000 00548nam a22001817a 4500
005 20150717165500.0
010 _aENG-113255
020 _c399.00
_a9789380828688
035 _aEN-96787
037 _bDBAD/PUB
082 _a322.10954
245 _aSecular India :
_cedited by Rakesh Sinha
_bpolitics of minorityism /
260 _aNew Delhi
_bVitasta Publishing
_c2012
270 _a2/15, Ansari Road, Daryaganj
_bNew Delhi
_e110002
300 _a250p.
_c22cm(pbk)
700 _aSinha, Rakesh
942 _2ddc
_cEN
_mSEC
_h322.10954
999 _c93973
_d93973